000 00954nam a2200289Ia 4500
003 OSt
005 20221007122204.0
006 a|||||r|||| 00| 0
007 ta
008 221006b |||||||| |||| 00| 0 eng d
020 _a817371360X (pbk)
_cRs.233.75
024 _a79403
037 _b2172, 08/11/2007, Unilib Book Distributors
_cTextual
040 _aPAPL
_cPAPL
_beng
041 _2eng
_aeng
082 _aH1:8, P1 Carpa
100 _aTareen JAK
_9713666
245 0 _aBasic course in crystallography
_b Kutty TRN
260 _aHyderabad
_bUniversities Press (India) Private Limited
_c2001
300 _aix, 205p.
_ccm.
500 _aBibliography 195-198p.; Index 199-205p.
650 _a Crystallography
_9484412
650 _aGeology
700 _a Kutty TRN
_9713667
942 _hH1:8, P1 Carpa
_cTEXL
_2CC
999 _c1209905
_d1209905